[Event "NOR-chT"]
[Site "Tromsoe"]
[Date "2007.05.28"]
[Round "5"]
[White "Remman, Frank"]
[Black "Elvebakk, Jan"]
[Result "1-0"]
[WhiteElo "1803"]
[BlackElo "1825"]
[PlyCount "77"]
[EventDate "2007.05.25"]
[EventType "team-swiss"]
[EventRounds "6"]
[EventCountry "NOR"]
[SourceTitle "EXT 2010"]
[Source "ChessBase"]
[SourceDate "2010.11.25"]
[SourceVersion "1"]
[SourceVersionDate "2010.11.25"]
[SourceQuality "1"]

1. d4 f5 2. g3 Nf6 3. Bg2 e6 4. c4 d6 5. Nf3 Be7 6. 0-0 0-0 7. Qc2 Qe8 8. Nc3 a6 9. e4 Nc6 10. exf5 exf5 11. Re1 Qf7 12. d5 Ne5 13. Nxe5 dxe5 14. Rxe5 Kh8 15. Re2 Bd6 16. f4 Qh5 17. Be3 Bd7 18. Bd4 Kg8 19. Rae1 g5 20. c5 gxf4 21. cxd6 f3 22. Re7 f4 23. Bxf3 Qh3 24. Bg2 Qh5 25. Bxf6 Rxf6 26. Rxd7 fxg3 27. hxg3 Rh6 28. Be4 Qh3 29. Rxc7 Rf8 30. Qg2 Qg4 31. d7 Rh3 32. Ne2 Rh6 33. Nf4 Qg7 34. Rd1 Qg4 35. Qf3 Qg5 36. Rc8 Qe7 37. Rxf8+ Qxf8 38. Ne6 Qc5+ 39. Nxc5 1-0

[Event "NOR-chB"]
[Site "Moss"]
[Date "2006.07.10"]
[Round "4"]
[White "Larsen, Tor Ketil"]
[Black "Elvebakk, Jan"]
[Result "0-1"]
[WhiteElo "1733"]
[BlackElo "1697"]
[PlyCount "78"]
[EventDate "2006.07.08"]
[EventType "swiss"]
[EventRounds "9"]
[EventCountry "NOR"]
[SourceTitle "EXT 2007"]
[Source "ChessBase"]
[SourceDate "2006.11.23"]
[SourceVersion "1"]
[SourceVersionDate "2006.11.23"]
[SourceQuality "1"]

1. e4 d5 2. exd5 Qxd5 3. Nc3 Qa5 4. d4 Nf6 5. Bc4 c6 6. Nge2 e6 7. 0-0 Be7 8. Bd2 Qc7 9. Bf4 Bd6 10. Bg3 0-0 11. Qd2 Nbd7 12. Qg5 b5 13. Bd3 Re8 14. f4 Bb7 15. Rf2 b4 16. Nd1 c5 17. b3 cxd4 18. Nb2 Bd5 19. Nc4 Be7 20. Ne5 Ne4 21. Qh5 g6 22. Qh3 Nxf2 23. Kxf2 Nxe5 24. fxe5 Qb7 25. Rf1 Be4 26. Kg1 Bf5 27. Bxf5 exf5 28. Bh4 Bxh4 29. Qxh4 Rxe5 30. Nf4 Qe7 31. Qxe7 Rxe7 32. Nd5 Re2 33. Rf2 Rxf2 34. Kxf2 a6 35. Ke2 Kg7 36. Kd3 Re8 37. Kxd4 Re2 38. Ne3 f4 39. Kd3 Rxe3+ 0-1

[Event "Molde"]
[Site "Molde"]
[Date "2004.07.06"]
[Round "5"]
[White "Elvebakk, Jan"]
[Black "Holmen, Per Inge"]
[Result "1-0"]
[WhiteElo "1727"]
[BlackElo "1619"]
[PlyCount "81"]
[EventDate "2004.07.03"]
[EventType "swiss"]
[EventRounds "8"]
[EventCountry "NOR"]
[SourceTitle "EXT 2008"]
[Source "ChessBase"]
[SourceDate "2007.11.25"]
[SourceVersion "1"]
[SourceVersionDate "2007.11.25"]
[SourceQuality "1"]

1. d4 f5 2. g4 fxg4 3. e4 d5 4. Nc3 dxe4 5. Nxe4 Nf6 6. Bg2 c6 7. h3 gxh3 8. Nxh3 Bf5 9. Nhg5 Nxe4 10. Bxe4 Bxe4 11. Nxe4 Qd5 12. Qe2 Nd7 13. Rh5 e5 14. dxe5 0-0-0 15. f4 Bb4+ 16. c3 Be7 17. Bd2 g6 18. Rh2 Nb6 19. b3 Qd3 20. Nd6+ Rxd6 21. exd6 Qxd6 22. 0-0-0 Nd5 23. Kb1 Rd8 24. Qe5 Qxe5 25. fxe5 Nxc3+ 26. Bxc3 Rxd1+ 27. Kc2 Rg1 28. Rxh7 Kd7 29. Bb4 Rg2+ 30. Kd3 Rg3+ 31. Kc2 Rg2+ 32. Kd1 Rxa2 33. Rxe7+ Kd8 34. Rxb7 Rb2 35. e6 Kc8 36. e7 Kxb7 37. e8Q Rg2 38. Qf7+ Kb6 39. Be1 a6 40. Qf3 Ra2 41. Bf2+ 1-0

[Event "Brokstad Memorial"]
[Site "Norway"]
[Date "2003.??.??"]
[Round "3"]
[White "Elvebakk, Jan"]
[Black "Holmen, Per Inge"]
[Result "1/2-1/2"]
[WhiteElo "1810"]
[BlackElo "1670"]
[PlyCount "36"]
[EventDate "2003.??.??"]
[EventType "swiss"]
[EventRounds "5"]
[EventCountry "NOR"]
[SourceTitle "EXT 2007"]
[Source "ChessBase"]
[SourceDate "2006.11.23"]
[SourceVersion "1"]
[SourceVersionDate "2006.11.23"]
[SourceQuality "1"]

1. e4 d5 2. exd5 Qxd5 3. Nc3 Qa5 4. Rb1 e5 5. Nf3 Nf6 6. Qe2 Nc6 7. a3 Qa6 8. Nb5 Bd6 9. Nxd6+ cxd6 10. Qxa6 bxa6 11. d3 h6 12. Be2 0-0 13. 0-0 Rb8 14. h3 Re8 15. Be3 Nd5 16. Bd2 Nc7 17. b4 Bd7 18. c4 Ne6 1/2-1/2